<?xml version="1.0" encoding="UTF-8"?>
<collection xmlns="http://www.loc.gov/MARC21/slim">
 <record>
  <leader>00822cam a2200253 7i4500</leader>
  <controlfield tag="001">0000057756</controlfield>
  <controlfield tag="005">20231005090000.0</controlfield>
  <controlfield tag="007">  Monographs</controlfield>
  <controlfield tag="008">211122              eng</controlfield>
  <datafield tag="020" ind1="0" ind2="0">
   <subfield code="a">9780198724018 (pbk.) </subfield>
  </datafield>
  <datafield tag="090" ind1="0" ind2="0">
   <subfield code="a">HF5549 </subfield>
   <subfield code="b">HIS 2018</subfield>
  </datafield>
  <datafield tag="100" ind1="1" ind2="0">
   <subfield code="a">Hislop, Donald </subfield>
   <subfield code="e">author </subfield>
  </datafield>
  <datafield tag="245" ind1="1" ind2="0">
   <subfield code="a">Knowledge management in organizations : </subfield>
   <subfield code="b">a critical introduction  </subfield>
   <subfield code="c">Donald Hislop, Rachelle Bosua and Remko Helms.</subfield>
  </datafield>
  <datafield tag="250" ind1="0" ind2="0">
   <subfield code="a">Fourth edition.</subfield>
  </datafield>
  <datafield tag="264" ind1=" " ind2="1">
   <subfield code="a">Oxford, UK: </subfield>
   <subfield code="b">Oxford University Press, </subfield>
   <subfield code="c">2018.</subfield>
  </datafield>
  <datafield tag="300" ind1=" " ind2=" ">
   <subfield code="a">xxi,321 pages.; </subfield>
   <subfield code="c">25 cm.</subfield>
  </datafield>
  <datafield tag="336" ind1=" " ind2=" ">
   <subfield code="a">text</subfield>
   <subfield code="2">rdacontent</subfield>
  </datafield>
  <datafield tag="337" ind1=" " ind2=" ">
   <subfield code="a">unmediated</subfield>
   <subfield code="2">rdamedia</subfield>
  </datafield>
  <datafield tag="338" ind1=" " ind2=" ">
   <subfield code="a">volume</subfield>
   <subfield code="2">rdacarrier</subfield>
  </datafield>
  <datafield tag="504" ind1="0" ind2="0">
   <subfield code="a">Includes bibliographical references and index</subfield>
  </datafield>
  <datafield tag="650" ind1="0" ind2="0">
   <subfield code="a">Knowledge managemet </subfield>
  </datafield>
  <datafield tag="700" ind1="1" ind2="1">
   <subfield code="a">Bosua, Rachelle </subfield>
  </datafield>
  <datafield tag="700" ind1="1" ind2="1">
   <subfield code="a">Helma, Remko </subfield>
  </datafield>
  <datafield tag="856" ind1=" " ind2=" ">
   <subfield code="u">http://www.oup.com</subfield>
  </datafield>
 </record>
</collection>
